000 00348nam a22001577a 4500
003 SGT
020 _a9788189530419
082 _a346.022 095 4,BAN
100 _aBANGIA,R.K
245 _aINDIAN CONTRACT ACT,
250 _a15TH
260 _aHARYANA
_bALLAHBAD LAW
_c2016
300 _a488
650 _aINDIAN CONTRACT ACT,
942 _2ddc
_cBK
_04
999 _c10841
_d10841